000 01373nam a22003617a 4500
001 140
003 FISKH
005 20240926123747.0
008 230301b cb ||||| |||| 00| 0 eng d
020 _a9780545052405
040 _aDLC
_cDLC
_dIG#
_dBTCTA
_dBAKER
_dJP3
_dCDC
_dYDXCP
_dTEF
_dEHH
_dOCLCQ
_dJQF
_dCQU
_dDLC
_dFISKH
042 _alcac
050 0 0 _aPZ7.M42355
_bAad 2009
082 0 0 _a813.6
_223
100 1 _aMass, Wendy,
_d1967-
245 1 0 _a11 birthdays /
_cby Wendy Mass.
246 3 _aEleven birthdays
250 _a1st ed.
260 _aNew York
_bScholastic
_c2009
300 _a236 p.
_c20 cm.
505 _aM
520 _aAfter celebrating their first nine same-day birthdays together, Amanda and Leo, having fallen out on their tenth and not speaking to each other for the last year, prepare to celebrate their eleventh birthday separately but peculiar things begin to happen as the day of their birthday begins to repeat itself over and over again.
521 8 _a650
_bLexile
521 8 _aM
_bRaz-Plus
526 0 _aAccelerated Reader/Renaissance Learning
_bMG
_c4.1
_d7.
586 8 _aA Junior Library Guild selection
650 1 _aBirthdays
_vFiction.
650 1 _aTime
_vFiction.
650 1 _aFriendship
_vFiction.
650 1 _aInterpersonal relations
_vFiction.
906 _a7
_bcbc
_corignew
_d1
_eecip
_f20
_gy-gencatlg
942 _2ddc
_cBK
_n0
999 _c140
_d140